000 00422 a2200157 4500
999 _c320853
_d320853
001 85780
003 NUST
005 20180119203204.0
008 180119b xxu||||| |||| 00| 0 eng d
020 _a9780697343352
082 _a153.43 CLA
100 _aGary K. Clabaugh ; Edward G. Rozycki
_99172
245 _aAnalyzing Controversy : An Introduction Guide
_hEnglish
250 _a1st
260 _aUSA
_bMcGraw Hill
_c1997
300 _ax 182p.
500 _aGifted By AM Masood Akhtar
942 _acaenust
_cBK
_k153.43 CLA
_2ddc